Mechanics of materials (Record no. 7098)

000 -LEADER
fixed length control field 00515nam a2200193 a 4500
001 - CONTROL NUMBER
control field 7098
003 - CONTROL NUMBER IDENTIFIER
control field BD-DhUET
008 - FIXED-LENGTH DATA ELEMENTS--GENERAL INFORMATION
fixed length control field 900618s1991 nyua 001 0 eng
040 ## - CATALOGING SOURCE
Original cataloging agency DLC
Transcribing agency DLC
Modifying agency BD-DhUET
082 00 - DEWEY DECIMAL CLASSIFICATION NUMBER
Classification number 620.11
Item number LAU/1954
100 ## - MAIN ENTRY--PERSONAL NAME
Personal name Laurson,Philip Gustave
245 10 - TITLE STATEMENT
Title Mechanics of materials
250 ## - EDITION STATEMENT
Edition statement 3rd ed.
260 ## - PUBLICATION, DISTRIBUTION, ETC. (IMPRINT)
Place of publication, distribution, etc. New York
Name of publisher, distributor, etc. John wiley & sons
Date of publication, distribution, etc. 1954
300 ## - PHYSICAL DESCRIPTION
Extent vii, 414 p.
Other physical details ill.
Dimensions 25 cm.
650 #0 - SUBJECT ADDED ENTRY--TOPICAL TERM
Topical term or geographic name as entry element Strength of materials engineering
700 ## - ADDED ENTRY--PERSONAL NAME
Personal name Cox, William Junkin
942 ## - ADDED ENTRY ELEMENTS (KOHA)
Koha item type General Book
Holdings
Price effective from Damaged status Source of classification or shelving scheme Not for loan Koha item type Location (home branch) Koha issues (times borrowed) Koha date last borrowed Lost status Koha normalized classification for sorting Koha full call number Shelving location Copy number Date acquired Sublocation or collection (holding branch) Withdrawn status Piece designation (barcode) Koha date last seen
2014-12-07   General BookCentral Library, BUET12019-10-30 620_000000000000000_11LAU1954620.11/LAU/1954Circulation section12014-12-07Central Library, BUET 743092019-12-04
2014-12-07   General BookCentral Library, BUET   620_000000000000000_11LAU1954620.11/LAU/1954Circulation section22014-12-07Central Library, BUET 743102014-12-07
2015-03-30   General BookCentral Library, BUET   620_110000000000000_LAU_1954620.11/LAU/1954Circulation section32015-03-30Central Library, BUET 174912015-03-30
2015-04-30   General BookCentral Library, BUET   620_110000000000000_LAU_1954620.11/LAU/1954Circulation section42015-04-30Central Library, BUET 540252015-04-30
2015-04-30   General BookCentral Library, BUET   620_110000000000000_LAU_1954620.11/LAU/1954Circulation section52015-04-30Central Library, BUET 540272015-04-30
2015-06-20   Reading ItemCentral Library, BUET   620_110000000000000_LAU_1964620.11/LAU/1964Reading section62015-06-20Central Library, BUET 540222015-06-20
2015-06-20   Reading ItemCentral Library, BUET   620_110000000000000_LAU_1964620.11/LAU/1964Reading section72015-06-20Central Library, BUET 540182015-06-20
2015-06-29   Reading ItemCentral Library, BUET   620_110000000000000_LAU_1954620.11/LAU/1954Reading section82015-06-29Central Library, BUET 540282015-06-29
2015-06-29   Reading ItemCentral Library, BUET   620_110000000000000_LAU_1964620.11/LAU/1964Reading section92015-06-29Central Library, BUET 540192015-06-29
2015-06-29   Reading ItemCentral Library, BUET   620_110000000000000_LAU_1964620.11/LAU/1964Reading section102015-06-29Central Library, BUET 540202015-06-29
2015-07-01   Reading ItemCentral Library, BUET   620_110000000000000_LAU_1954620.11/LAU/1954Reading section112015-07-01Central Library, BUET 540142015-07-01